000 00277nam a22000977a 4500
008 230822b |||||||| |||| 00| 0 eng d
040 _aNational Science Library
_cNational Science Library
245 _aTextile horizons
260 _aScotland:
_bTodd & Duncan Ltd.,
942 _cCR
999 _c59337
_d59337